| 000 | 00848nam a22002657a 4500 | ||
|---|---|---|---|
| 003 | BUBTL | ||
| 008 | 231008b ||||| |||| 00| 0 eng d | ||
| 020 | _a 9789354601071 | ||
| 041 | _aeng | ||
| 082 | _a658.8'7/ L5794r/ 2014 | ||
| 100 |
_95506 _aLevy, Michael |
||
| 245 |
_aRetailing Management / _cMichael Levy, Barton A. Weitz, Dhruv Grewal |
||
| 250 | _a9th ed. | ||
| 260 |
_aIndia : _bMcGraw Hill Education (India) Private Limited, _cc2014 |
||
| 300 |
_axxxiii, 670 p. : _bills.; _c28 cm. |
||
| 500 | _aIncludes Index | ||
| 505 | _aRetailing Management, Marketing, Michael Levy, Barton A. Weitz, Dhruv Grewal | ||
| 526 | _aMarketing | ||
| 650 | 0 |
_953 _aMarketing |
|
| 700 |
_95507 _a Weitz, Barton A. |
||
| 700 |
_95508 _aGrewal, Dhruv |
||
| 856 |
_k0 _l0 _yDownload |
||
| 942 |
_2ddc _cBK |
||
| 999 |
_c7108 _d7108 |
||